|
|
|
|
| LEADER |
00811pam a22002298a 4500 |
| 001 |
00040219 |
| 005 |
20171116141146.0 |
| 008 |
170516s2006 ||||||Viesd |
| 020 |
# |
# |
|c 52000
|a 978 604 57 2706 5
|
| 041 |
0 |
# |
|a Vie
|
| 082 |
1 |
# |
|a 200.959 7
|b H428V
|
| 100 |
0 |
# |
|a Nguyễn, Bá Dương
|e chủ biên
|
| 245 |
0 |
0 |
|a Hỏi và đáp về tín ngưỡng, tôn giáo
|c Nguyễn Bá Dương
|b Đông Nam bộ
|
| 260 |
# |
# |
|a Hà Nội
|b Chính trị quốc gia Sự thật
|c 2017
|
| 300 |
# |
# |
|a 228 tr.
|c 21 cm.
|
| 653 |
# |
# |
|a Sách hỏi đáp
|
| 653 |
# |
# |
|a Tín ngưỡng
|
| 653 |
# |
# |
|a Việt Nam
|
| 653 |
# |
# |
|a tôn giáo
|
| 852 |
# |
# |
|j KD.0022479
|j KM.0023495
|
| 910 |
|
|
|d 16/11/2017
|
| 980 |
# |
# |
|a Trung tâm Học liệu Lê Vũ Hùng, Trường Đại học Đồng Tháp
|